Теория систем и системный анализ: учебник для вузов

Bibliografske podrobnosti
Glavni avtor: Волкова В. Н. Виолетта Николаевна
Drugi avtorji: Денисов А. А. Анатолий Алексеевич
Izvleček:В учебнике даются основные понятия теории систем и системного анализа. Определено их место среди других научных направлений. Показана принципиальная ограниченность формализованного описания развивающихся систем с активными элементами. Рассмотрены классификации систем, закономерности их функционирования и развития, методы моделирования и анализа. Приведены примеры разработки и применения методик и моделей системного анализа при проектировании и организации функционирования систем управления предприятиями и организациями, при управлении проектами технических комплексов и моделировании других процессов принятия решения в сложных проблемных ситуациях.
Jezik:ruščina
Izdano: Москва, Юрайт, 2010
Serija:Университеты России
Teme:
Format: Knjiga
KOHA link:https://koha.lib.tpu.ru/cgi-bin/koha/opac-detail.pl?biblionumber=173091

MARC

LEADER 00000nam0a2200000 4500
001 173091
005 20231101223058.0
010 |a 9785991602297 
035 |a (RuTPU)RU\TPU\book\187747 
090 |a 173091 
100 |a 20091218d2010 m y0rusy50 ca 
101 0 |a rus 
102 |a RU 
105 |a a j 001zy 
200 1 |a Теория систем и системный анализ  |e учебник для вузов  |f В. Н. Волкова, А. А. Денисов 
210 |a Москва  |c Юрайт  |d 2010 
215 |a 679 с.  |c ил. 
225 1 |a Университеты России 
320 |a Библиогр.: с. 673-679. 
320 |a Предметный указатель: с. 664-669. 
330 |a В учебнике даются основные понятия теории систем и системного анализа. Определено их место среди других научных направлений. Показана принципиальная ограниченность формализованного описания развивающихся систем с активными элементами. Рассмотрены классификации систем, закономерности их функционирования и развития, методы моделирования и анализа. Приведены примеры разработки и применения методик и моделей системного анализа при проектировании и организации функционирования систем управления предприятиями и организациями, при управлении проектами технических комплексов и моделировании других процессов принятия решения в сложных проблемных ситуациях. 
606 1 |a Теория систем  |2 stltpush  |3 (RuTPU)RU\TPU\subj\67502  |9 83277 
606 1 |a Системный анализ  |x Кибернетика  |2 stltpush  |3 (RuTPU)RU\TPU\subj\54980  |9 73053 
610 1 |a модели 
610 1 |a информационный подход 
610 1 |a принятие решений 
610 1 |a формализация 
610 1 |a сложные экспертизы 
610 1 |a экономические системы 
610 1 |a предприятия 
610 1 |a управление 
610 1 |a организация производства 
610 1 |a прикладная информатика 
610 1 |a учебники 
675 |a 681.51.01(075.8)  |v 3 
675 |a 681.51.012(075.8)  |v 3 
700 1 |a Волкова  |b В. Н.  |g Виолетта Николаевна 
701 1 |a Денисов  |b А. А.  |g Анатолий Алексеевич 
801 1 |a RU  |b 63413507  |c 20091218 
801 2 |a RU  |b 63413507  |c 20160118  |g RCR 
900 |a Теория систем и системный анализ 
942 |c BK 
953 |b 080800 
959 |a 126/20091217  |d 2  |e 263,00  |f АНЛ:1  |f ЧЗТЛ:1 
959 |a 35/20100531  |d 2  |e 399,00  |f АНЛ:1  |f ЧЗТЛ:1